000 01038cam a22003137a 4500
001 4376
005 20250822104801.0
020 _a9780060573959
040 _aBTCTA
_beng
_cBTCTA
_dOWL
_dLEO
_dIEP
_dUPZ
_dBDX
_dOCLCA
_dOCLCQ
_dDLC
050 0 0 _aPZ7.B44826
082 0 0 _a813.54
100 1 _aBerenstain, Jan
_d1923-2012.
245 1 4 _aThe Berenstain Bears come clean for school /
_cJan & Mike Berenstain.
246 3 0 _aCome clean for school
250 _aFirst edition
260 _aNew York :
_bHarperFestival,
_c2011.
300 _a34 unnumbered pages :
_bcolor illustrations ;
_c21 cm.
490 _a Berenstain Bears
505 _aK
520 _aOn the first day of school, Brother and Sister Bear learn how to stop germs from spreading.
521 _a530
_bLexile AD
521 _aK
_bRaz-Plus
650 1 _aBears
_vFiction.
650 1 _aCleanliness
_vFiction.
650 1 _aSchools
_vFiction.
700 1 _aBerenstain, Mike
_d1951-
906 _a7
_bcbc
_ccopycat
_d2
_encip
_f20
_gy-gencatlg
942 _2ddc
_cBK
_n0
999 _c4376
_d4376